The hydrogen production by anaerobic bacteria grown on glucose and glycerol

Bibliographic Details
Main Authors: Lakatoš, Boris, 1974- (Author), Varečka, Ľudovít, 1948- (Author), Jame, Rasha (Author), Vilímová, Viera (Author)
Format: Article
Language:English

MARC

LEADER 00000nab a2200000ua 4500
001 vtls010797043
003 SK-MaSNL
005 20260304030249.0
008 250310s2011 xo |||||||||||||||||eng|
035 |a (urnnbn)urn:nbn:sk:snk:ar-a029kx 
035 |a (uuid)d00cb0e5-0303-4d1f-b46f-7b16832f9804 
035 |a urn:nbn:sk:snk-ab4ifv 
040 |a SNKBUCL  |b slo  |c SNKBUCL  |e AACR2 
041 0 |a eng 
044 |a xo  |c SK 
100 1 |a Lakatoš, Boris,  |d 1974-  |4 aut  |9 220719 
245 1 4 |a The hydrogen production by anaerobic bacteria grown on glucose and glycerol  |c Boris Lakatoš, Ľudovít Varečka, Rasha Jame, Viera Vilímová 
700 1 |a Varečka, Ľudovít,  |d 1948-  |4 aut  |9 210644 
700 1 |a Jame, Rasha  |4 aut  |9 1308404 
700 1 |a Vilímová, Viera  |4 aut  |9 1308405 
773 0 |t Acta Chimica Slovaca  |g Roč. 4, č. 2 (2011), s. [145]-157 
958 |a OND 
958 |a article3 
999 |c 2632997  |d 2634927